000 00768nam a2200253 i 4500
001 bg
100 1 _aDAO, Phong Vu
245 1 0 _aModern digital and analog communication systems :
_bsolutions manual for LATHI /
_cprep. by Phong Vu Dao, Yuzon Hao, Borong Wang.
260 _aPhiladelphia [et al.] :
_bSaunders College Publ.,
_ccop. 1989.
300 _arys., wykr. :
_b30 cm.
650 9 _aTelekomunikacja
_xteoria
650 9 _aTeoria systemów
650 9 _aTeoria sygnałów
650 9 _aUkłady cyfrowe
_xteoria
700 1 _aHAO, Yuzon
700 1 _aWANG, Borong
020 _a0030309921
040 _cBPK
041 0 _aen
080 _a681.32+681.33:621.391
920 _a0-03-030992-1
942 _cKS
008 s pl f |000 0 pol
999 _c31380
_d31380
856 _uhttp://koha.tu.koszalin.pl/cgi-bin/koha/opac-detail.pl?biblionumber=31380
_yKatalog online BPK